[Event "SWE-chT2 0809"]
[Site "Sweden"]
[Date "2008.10.26"]
[Round "2"]
[White "Thornert, Hakan"]
[Black "Loenngren, Tobias"]
[Result "1/2-1/2"]
[WhiteElo "2206"]
[BlackElo "1981"]
[PlyCount "57"]
[EventDate "2008.10.25"]
[EventType "team-tourn"]
[EventRounds "9"]
[EventCountry "SWE"]
[SourceTitle "EXT 2011"]
[Source "ChessBase"]
[SourceDate "2010.11.26"]
[SourceVersion "1"]
[SourceVersionDate "2010.11.26"]
[SourceQuality "1"]

1. e4 c6 2. d4 d5 3. f3 e6 4. Be3 b6 5. Qd2 Ba6 6. Bxa6 Nxa6 7. Nc3 Nb8 8. Nge2 Nd7 9. 0-0-0 Qc7 10. Bf4 Bd6 11. exd5 exd5 12. Bxd6 Qxd6 13. Ng3 Ne7 14. Rhe1 0-0 15. Re3 Ng6 16. Rde1 Nf6 17. Nd1 Rae8 18. Nf2 Rxe3 19. Rxe3 Re8 20. Nd3 Rxe3 21. Qxe3 Qe6 22. Kd2 Nd7 23. Qg5 Qe7 24. Qxe7 Nxe7 25. Ke3 g6 26. c3 f6 27. h4 Kf7 28. Nf4 Nf8 29. Kf2 1/2-1/2

[Event "SWE-chT2 0809"]
[Site "Sweden"]
[Date "2008.10.25"]
[Round "1"]
[White "Loenngren, Tobias"]
[Black "Dolgov, Mikhail"]
[Result "1-0"]
[WhiteElo "1981"]
[BlackElo "1988"]
[PlyCount "133"]
[EventDate "2008.10.25"]
[EventType "team-tourn"]
[EventRounds "9"]
[EventCountry "SWE"]
[SourceTitle "EXT 2011"]
[Source "ChessBase"]
[SourceDate "2010.11.26"]
[SourceVersion "1"]
[SourceVersionDate "2010.11.26"]
[SourceQuality "1"]

1. d4 f5 2. g3 Nf6 3. Bg2 e6 4. c4 d5 5. Nf3 c6 6. Qc2 Bd6 7. 0-0 0-0 8. b3 Bd7 9. Ba3 Ne4 10. Bxd6 Nxd6 11. Nbd2 Be8 12. Ne5 Nd7 13. Nd3 Bh5 14. Nf4 Qe8 15. Nf3 Bxf3 16. exf3 g5 17. Nd3 Qg6 18. f4 g4 19. Ne5 Nxe5 20. fxe5 Ne4 21. f3 gxf3 22. Rxf3 Qg5 23. Rf4 Rad8 24. cxd5 exd5 25. Raf1 Rd7 26. b4 Rdf7 27. a4 Qe7 28. Rb1 Ng5 29. b5 Ne6 30. bxc6 Nxf4 31. gxf4 bxc6 32. Qxc6 Rg7 33. Qxd5+ Kh8 34. Rb7 Qxb7 35. Qxb7 Rxb7 36. Bxb7 Kg7 37. a5 Kf7 38. d5 Rg8+ 39. Kf2 Ke7 40. d6+ Kd7 41. Ke3 Rg4 42. Kd4 Rg1 43. Kd5 Rd1+ 44. Kc5 Rc1+ 45. Kb5 h5 46. Bd5 h4 47. Bc4 Ra1 48. a6 h3 49. Kc5 Rc1 50. e6+ Kd8 51. Kd5 Rb1 52. e7+ Ke8 53. Be2 Kd7 54. Bh5 Rb5+ 55. Kc4 Rb8 56. e8Q+ Rxe8 57. Bxe8+ Kxe8 58. Kd5 Kd8 59. Ke6 Ke8 60. Kxf5 Kd7 61. Ke5 Kd8 62. Ke6 Ke8 63. f5 Kd8 64. f6 Ke8 65. f7+ Kf8 66. d7 Kg7 67. d8Q 1-0

[Event "Gothenburg op"]
[Site "Gothenburg"]
[Date "2004.06.20"]
[Round "9"]
[White "Loenngren, Tobias"]
[Black "Ask, Josef"]
[Result "0-1"]
[WhiteElo "2148"]
[BlackElo "2183"]
[PlyCount "71"]
[EventDate "2004.06.12"]
[EventType "swiss"]
[EventRounds "9"]
[EventCountry "SWE"]
[SourceTitle "EXT 2005"]
[Source "ChessBase"]
[SourceDate "2004.11.15"]
[SourceVersion "1"]
[SourceVersionDate "2004.11.15"]
[SourceQuality "1"]

1. d4 g6 2. Nf3 Bg7 3. c4 d6 4. Nc3 Nd7 5. e4 e5 6. Be2 Ngf6 7. Bg5 h6 8. Bh4 0-0 9. d5 g5 10. Bg3 Nh5 11. Ng1 Nf4 12. Bxf4 exf4 13. Nf3 g4 14. Nd4 Ne5 15. Nf5 Bxf5 16. exf5 Qg5 17. f6 Qxf6 18. Bd3 Rae8 19. 0-0 Qh4 20. f3 gxf3 21. Rxf3 Nxf3+ 22. Qxf3 Re1+ 23. Rxe1 Qxe1+ 24. Bf1 Bxc3 25. bxc3 Qe3+ 26. Qxe3 fxe3 27. Be2 f5 28. Bf3 Re8 29. Be2 Re4 30. g3 f4 31. Kg2 fxg3 32. hxg3 Kg7 33. Kf3 Re5 34. c5 Rxd5 35. cxd6 Rxd6 36. Kxe3 0-1

[Event "Gothenburg op"]
[Site "Gothenburg"]
[Date "2004.06.16"]
[Round "5"]
[White "Wesslen, Ulf"]
[Black "Loenngren, Tobias"]
[Result "1-0"]
[WhiteElo "2052"]
[BlackElo "2148"]
[PlyCount "91"]
[EventDate "2004.06.12"]
[EventType "swiss"]
[EventRounds "9"]
[EventCountry "SWE"]
[SourceTitle "EXT 2005"]
[Source "ChessBase"]
[SourceDate "2004.11.15"]
[SourceVersion "1"]
[SourceVersionDate "2004.11.15"]
[SourceQuality "1"]

1. c4 Nf6 2. Nc3 c5 3. Nf3 e6 4. d4 cxd4 5. Nxd4 a6 6. e4 d6 7. Be2 Be7 8. Be3 0-0 9. 0-0 Nc6 10. Qd2 Nxd4 11. Bxd4 Qc7 12. f3 Nd7 13. Rac1 Rd8 14. Kh1 h6 15. Be3 Rb8 16. b4 Nf8 17. Ba7 Ra8 18. Qe3 Re8 19. Bb6 Qb8 20. Qf2 Bd7 21. Rfd1 Rc8 22. a3 Be8 23. f4 Ng6 24. Nb1 Bd8 25. f5 exf5 26. exf5 Bxb6 27. Qxb6 Nf4 28. Bf3 Bc6 29. Qe3 Bxf3 30. Qxf3 d5 31. g3 Nh3 32. Rxd5 Ng5 33. Qd3 b5 34. c5 a5 35. Rd1 axb4 36. axb4 Qb7 37. h4 Nh7 38. Qf3 Nf8 39. Kh2 Ra2+ 40. R1d2 Rca8 41. Qg2 Ra1 42. Nc3 Qe7 43. Re2 Qc7 44. Rd6 Qb8 45. Re7 R8a3 46. Qd5 1-0

[Event "Rilton Cup 33rd"]
[Site "Stockholm"]
[Date "2004.01.03"]
[Round "7"]
[White "Isaksson, Per"]
[Black "Loenngren, Tobias"]
[Result "0-1"]
[WhiteElo "2085"]
[BlackElo "2155"]
[PlyCount "48"]
[EventDate "2003.12.27"]
[EventType "swiss"]
[EventRounds "9"]
[EventCountry "SWE"]
[SourceTitle "CBM 097 Extra"]
[Source "ChessBase"]
[SourceDate "2004.01.13"]
[SourceVersion "1"]
[SourceVersionDate "2004.01.13"]
[SourceQuality "1"]

1. d4 Nf6 2. c4 e6 3. Nc3 Bb4 4. Qc2 0-0 5. a3 Bxc3+ 6. Qxc3 b6 7. Bg5 Ba6 8. Nf3 d6 9. e3 Nbd7 10. Bd3 c5 11. b4 h6 12. Bh4 cxd4 13. Nxd4 Ne5 14. Nb5 Bb7 15. 0-0 a6 16. Nd4 Rc8 17. Qb3 d5 18. Bxf6 Qxf6 19. Rac1 dxc4 20. Bxc4 Nxc4 21. Rxc4 Bd5 22. Rxc8 Bxb3 23. Rxf8+ Kxf8 24. Nxb3 Qc3 0-1

[Event "Rilton Cup 33rd"]
[Site "Stockholm"]
[Date "2003.12.28"]
[Round "2"]
[White "Loenngren, Tobias"]
[Black "Bodin, Stefan"]
[Result "1-0"]
[WhiteElo "2155"]
[BlackElo "2004"]
[PlyCount "105"]
[EventDate "2003.12.27"]
[EventType "swiss"]
[EventRounds "9"]
[EventCountry "SWE"]
[SourceTitle "CBM 097 Extra"]
[Source "ChessBase"]
[SourceDate "2004.01.13"]
[SourceVersion "1"]
[SourceVersionDate "2004.01.13"]
[SourceQuality "1"]

1. d4 d5 2. c4 e5 3. dxe5 d4 4. Nf3 Nc6 5. g3 Bg4 6. Bg2 f6 7. exf6 Nxf6 8. 0-0 Qd7 9. a3 a5 10. Qa4 Rd8 11. Bg5 Be7 12. Nbd2 0-0 13. Rac1 h6 14. Bxf6 Rxf6 15. c5 Kh8 16. b4 axb4 17. axb4 Qe8 18. b5 Ra8 19. Qb3 Be6 20. Qb1 Nd8 21. Nxd4 Bg8 22. Ne4 Rf8 23. c6 b6 24. Nc3 Ne6 25. Nxe6 Bxe6 26. Nd5 Bxd5 27. Bxd5 Bc5 28. Qe4 Qh5 29. e3 Rae8 30. Qg2 Re5 31. Bc4 Qg4 32. h3 Qg6 33. Kh2 h5 34. h4 Bd6 35. Kh1 Qf6 36. Bd5 Qf5 37. e4 Qg6 38. f4 Ree8 39. e5 Bc5 40. Be4 Qf7 41. Bb1 g6 42. Qe4 Qe6 43. Kg2 Kg7 44. Rcd1 Rd8 45. Rd7+ Rxd7 46. cxd7 Rd8 47. Rd1 Qg4 48. Rd5 Be7 49. e6 Bxh4 50. Qxg6+ Qxg6 51. Bxg6 Kxg6 52. gxh4 Kf6 53. f5 1-0

[Event "Hallstahammar op"]
[Site "Hallstahammar"]
[Date "2003.09.14"]
[Round "7"]
[White "Loenngren, Tobias"]
[Black "Lindberg, Sture"]
[Result "1-0"]
[WhiteElo "2054"]
[BlackElo "1753"]
[PlyCount "81"]
[EventDate "2003.09.12"]
[EventType "swiss"]
[EventRounds "7"]
[EventCountry "SWE"]
[SourceTitle "CBM 096 Extra"]
[Source "ChessBase"]
[SourceDate "2003.10.22"]
[SourceVersion "2"]
[SourceVersionDate "2003.10.20"]
[SourceQuality "1"]

1. Nf3 d5 2. d4 e6 3. c4 dxc4 4. Qa4+ Bd7 5. Qxc4 c5 6. dxc5 Qa5+ 7. b4 Bb5 8. Qe4 Qd8 9. Nc3 Bc6 10. Qc4 Nf6 11. Bg5 Be7 12. Rd1 Qc8 13. g3 h6 14. Bf4 Nd5 15. Be5 Nxc3 16. Qxc3 f6 17. Bd6 Bxf3 18. Qxf3 h5 19. Bg2 Qc6 20. Bxe7 Kxe7 21. Rd6 Qxf3 22. Bxf3 Nc6 23. Bxc6 bxc6 24. Rxc6 Rhd8 25. Rc7+ Rd7 26. Rxd7+ Kxd7 27. Kd2 Kc6 28. Kc3 a5 29. a3 axb4+ 30. axb4 Ra2 31. Rd1 Rxe2 32. Rd2 Re5 33. Rd6+ Kc7 34. Kc4 Re2 35. Kb5 e5 36. Ra6 Rxf2 37. Ra7+ Kd8 38. Kc6 e4 39. b5 e3 40. b6 e2 41. b7 1-0

[Event "Hallstahammar op"]
[Site "Hallstahammar"]
[Date "2003.09.13"]
[Round "4"]
[White "Holm, Magnus"]
[Black "Loenngren, Tobias"]
[Result "1-0"]
[WhiteElo "2250"]
[BlackElo "2054"]
[PlyCount "49"]
[EventDate "2003.09.12"]
[EventType "swiss"]
[EventRounds "7"]
[EventCountry "SWE"]
[SourceTitle "CBM 096 Extra"]
[Source "ChessBase"]
[SourceDate "2003.10.22"]
[SourceVersion "2"]
[SourceVersionDate "2003.10.20"]
[SourceQuality "1"]

1. e4 c5 2. Nf3 e6 3. d4 cxd4 4. Nxd4 Nc6 5. Nc3 a6 6. g3 Qc7 7. Bg2 Nf6 8. 0-0 Be7 9. Re1 d6 10. a4 0-0 11. Be3 Rb8 12. Qe2 Ne5 13. Rad1 b6 14. f4 Nc4 15. e5 dxe5 16. fxe5 Nxb2 17. exf6 Bxf6 18. Ne4 Be5 19. Nc6 Nxd1 20. Rxd1 Rb7 21. Nxe5 Qxe5 22. Bd4 Qc7 23. Nf6+ Kh8 24. Qh5 h6 25. Ne8 1-0

[Event "Troll Masters"]
[Site "Gausdal"]
[Date "2003.01.10"]
[Round "5"]
[White "Loenngren, Tobias"]
[Black "Ohlzon, Nils Johan"]
[Result "1-0"]
[WhiteElo "2122"]
[BlackElo "2176"]
[PlyCount "77"]
[EventDate "2003.01.07"]
[EventType "swiss"]
[EventRounds "10"]
[EventCountry "NOR"]
[SourceTitle "CBM 092 Extra"]
[Source "ChessBase"]
[SourceDate "2003.03.07"]
[SourceVersion "1"]
[SourceVersionDate "2003.03.07"]
[SourceQuality "1"]

1. d4 Nf6 2. c4 e6 3. g3 d5 4. Bg2 Bb4+ 5. Bd2 Be7 6. Nf3 0-0 7. 0-0 Nbd7 8. Qc2 a6 9. Rd1 dxc4 10. Qxc4 b5 11. Qc2 Bb7 12. Bg5 Rc8 13. Bxf6 Nxf6 14. Nc3 Qe8 15. a3 c5 16. dxc5 Rxc5 17. Qd2 Qa8 18. h3 Rd8 19. Qe3 Nd5 20. Nxd5 Rcxd5 21. Rxd5 Bxd5 22. Rc1 Rc8 23. Kh2 Bf6 24. b4 Rc4 25. Rxc4 bxc4 26. Ne1 c3 27. Bxd5 exd5 28. Nc2 d4 29. Qd3 h6 30. a4 Qc6 31. b5 axb5 32. Qxb5 Qe4 33. Qd3 Qd5 34. Ne1 Qa2 35. Qc2 Qb2 36. Kg2 Bg5 37. f4 Bf6 38. Kf3 Qb7+ 39. Qe4 1-0

[Event "Troll Masters"]
[Site "Gausdal"]
[Date "2003.01.10"]
[Round "4"]
[White "Loenngren, Tobias"]
[Black "Poulsen, Martin"]
[Result "0-1"]
[WhiteElo "2122"]
[BlackElo "2244"]
[PlyCount "79"]
[EventDate "2003.01.07"]
[EventType "swiss"]
[EventRounds "10"]
[EventCountry "NOR"]
[SourceTitle "CBM 092 Extra"]
[Source "ChessBase"]
[SourceDate "2003.03.07"]
[SourceVersion "1"]
[SourceVersionDate "2003.03.07"]
[SourceQuality "1"]

1. d4 Nf6 2. c4 c5 3. d5 b5 4. cxb5 a6 5. bxa6 g6 6. Nc3 Bxa6 7. e4 Bxf1 8. Kxf1 d6 9. Nf3 Nbd7 10. g3 Bg7 11. Kg2 0-0 12. h3 Qb6 13. Re1 Rfb8 14. Re2 Ne8 15. Bg5 Nc7 16. Rc1 Kf8 17. b3 Nb5 18. Nxb5 Qxb5 19. Rcc2 Rb7 20. Qd2 Bh8 21. Bf4 Nb6 22. e5 c4 23. exd6 c3 24. Rxc3 Bxc3 25. Qxc3 Kg8 26. Bh6 f6 27. Qe3 Qxd5 28. dxe7 Re8 29. Bf8 Qf7 30. Nd4 Nc8 31. Qf3 Rd7 32. Nc6 Na7 33. Nb4 Rd6 34. Qb7 Nc8 35. Qc7 Rd4 36. a3 Qxb3 37. Nc6 Qd5+ 38. Kh2 Rd1 39. g4 Qf3 40. Rb2 0-1

[Event "Troll Masters"]
[Site "Gausdal"]
[Date "2003.01.09"]
[Round "3"]
[White "Faldt, Magnus"]
[Black "Loenngren, Tobias"]
[Result "1/2-1/2"]
[WhiteElo "2252"]
[BlackElo "2122"]
[PlyCount "134"]
[EventDate "2003.01.07"]
[EventType "swiss"]
[EventRounds "10"]
[EventCountry "NOR"]
[SourceTitle "CBM 092 Extra"]
[Source "ChessBase"]
[SourceDate "2003.03.07"]
[SourceVersion "1"]
[SourceVersionDate "2003.03.07"]
[SourceQuality "1"]

1. d4 d5 2. c4 c6 3. Nc3 dxc4 4. Nf3 Nf6 5. a4 Na6 6. e4 Bg4 7. Bxc4 Bxf3 8. gxf3 e6 9. Be3 Qa5 10. 0-0 0-0-0 11. Qe2 Nb4 12. Kh1 Kb8 13. Rg1 h6 14. f4 g6 15. Rac1 a6 16. Bb3 Rc8 17. Rgd1 c5 18. f5 c4 19. Bf4+ Ka8 20. Bxc4 gxf5 21. Be5 Be7 22. exf5 exf5 23. Bxf7 Rhf8 24. Be6 Rce8 25. Bxf5 Bd6 26. Re1 Nc6 27. Qd3 Nxe5 28. dxe5 Bxe5 29. Bh3 h5 30. f4 Bxf4 31. Rxe8+ Rxe8 32. Rf1 Re3 33. Qf5 Qxf5 34. Bxf5 Be5 35. Nd1 Re2 36. h3 Nd5 37. Nc3 Nxc3 38. bxc3 Bxc3 39. Bg6 h4 40. Rf4 Be1 41. Be4 Bg3 42. Rg4 Ka7 43. a5 Re3 44. Kg2 Be1 45. Bf3 Rb3 46. Re4 Rb2+ 47. Kf1 Bg3 48. Kg1 Rf2 49. Re3 Rb2 50. Re4 Rb5 51. Re7 Rb4 52. Kf1 Rb2 53. Kg1 Bh2+ 54. Kf1 Bd6 55. Rh7 Bg3 56. Kg1 Be1 57. Kf1 Bg3 58. Be4 Rb4 59. Bf3 Be5 60. Ke2 Kb8 61. Bg4 Bg3 62. Bf3 Bc7 63. Bg4 Bd8 64. Kd3 Ra4 65. Rh8 Kc7 66. Rh7+ Kb8 67. Rh8 Kc7 1/2-1/2

[Event "Rilton Cup 32nd"]
[Site "Stockholm"]
[Date "2002.12.27"]
[Round "1"]
[White "Ernst, Thomas"]
[Black "Loenngren, Tobias"]
[Result "1-0"]
[WhiteElo "2450"]
[BlackElo "2122"]
[PlyCount "57"]
[EventDate "2002.12.27"]
[EventType "swiss"]
[EventRounds "9"]
[EventCountry "SWE"]
[SourceTitle "CBM 091 Extra"]
[Source "ChessBase"]
[SourceDate "2003.01.09"]
[SourceVersion "1"]
[SourceVersionDate "2003.01.09"]
[SourceQuality "1"]

1. d4 d5 2. c4 c6 3. Nf3 Nf6 4. Nc3 dxc4 5. a4 Na6 6. e4 Bg4 7. Bxc4 Bxf3 8. gxf3 e6 9. Be3 Qa5 10. 0-0 g6 11. Qb3 Qb4 12. d5 Qxb3 13. Bxb3 cxd5 14. exd5 Nc5 15. Bc4 e5 16. f4 Ng4 17. Bb5+ Kd8 18. fxe5 Nxe5 19. f4 Ned7 20. f5 Ne5 21. Bd4 Bd6 22. Rae1 f6 23. fxg6 Ke7 24. b4 Na6 25. Bxe5 Bxe5 26. Rxe5+ fxe5 27. Rf7+ Kd8 28. g7 Rg8 29. Ne4 1-0

[Event "Pelaro op"]
[Site "Pelaro"]
[Date "2002.06.10"]
[Round "3"]
[White "Kinnmark, Ove"]
[Black "Loenngren, Tobias"]
[Result "1/2-1/2"]
[WhiteElo "2364"]
[BlackElo "2122"]
[PlyCount "159"]
[EventDate "2002.06.08"]
[EventType "swiss"]
[EventRounds "5"]
[EventCountry "SWE"]
[SourceTitle "EXT 2003"]
[Source "ChessBase"]
[SourceDate "2002.11.25"]
[SourceVersion "1"]
[SourceVersionDate "2002.11.25"]
[SourceQuality "1"]

1. e4 c6 2. d4 d5 3. Nc3 dxe4 4. Nxe4 Bf5 5. Ng3 Bg6 6. Nf3 Nd7 7. Bd3 Qc7 8. Bxg6 hxg6 9. Qe2 e6 10. Bd2 Ngf6 11. 0-0-0 0-0-0 12. Kb1 c5 13. Ng5 Nb6 14. dxc5 Bxc5 15. N5e4 Bd4 16. c3 Nxe4 17. Nxe4 Bf6 18. h3 Nd5 19. Qf3 Qe5 20. Rhe1 Qf5 21. Qe2 g5 22. Ka1 Kb8 23. Qb5 a6 24. Qb3 Be7 25. f3 Nf4 26. Bxf4+ gxf4 27. a3 Qg6 28. Rxd8+ Rxd8 29. Re2 Qf5 30. c4 Bc5 31. Qc3 Bd4 32. Qb4 Qe5 33. Rd2 Qc7 34. c5 e5 35. Rc2 Qc6 36. Nd2 Rd5 37. Nb3 Qb5 38. Qxb5 axb5 39. c6 bxc6 40. Rxc6 Ba7 41. Ka2 Rd1 42. Rc1 Rxc1 43. Nxc1 Kc7 44. Ne2 Kc6 45. Kb3 Bc5 46. Kc2 f5 47. Kd3 g6 48. Nc3 Bd4 49. b3 b4 50. Nb1 bxa3 51. Nxa3 Kd5 52. Nc4 e4+ 53. Ke2 Kc5 54. Nd2 Kd5 55. Nc4 Kc5 56. Nd2 Kd5 57. Nc4 Bc3 58. Nb6+ Kd6 59. Nc4+ Kc5 60. Kf2 Kd4 61. Ke2 Bb4 62. Nb6 Be7 63. Nc4 Bf6 64. Nb6 Be7 65. Nc4 e3 66. Nb6 Bf8 67. Nc4 Bc5 68. Na5 Kc3 69. Nc6 Bd6 70. Nd8 Be7 71. Ne6 Bd6 72. Nd8 Kxb3 73. Nf7 Bf8 74. Nh8 g5 75. Nf7 Be7 76. Nh6 Kc4 77. Nxf5 Bf8 78. g3 Kd5 79. gxf4 gxf4 80. Nxe3+ 1/2-1/2

[Event "Pelaro op"]
[Site "Pelaro"]
[Date "2002.06.09"]
[Round "2"]
[White "Loenngren, Tobias"]
[Black "Westerinen, Heikki MJ"]
[Result "1/2-1/2"]
[WhiteElo "2122"]
[BlackElo "2403"]
[PlyCount "79"]
[EventDate "2002.06.08"]
[EventType "swiss"]
[EventRounds "5"]
[EventCountry "SWE"]
[SourceTitle "EXT 2003"]
[Source "ChessBase"]
[SourceDate "2002.11.25"]
[SourceVersion "1"]
[SourceVersionDate "2002.11.25"]
[SourceQuality "1"]

1. Nf3 d5 2. d4 Bf5 3. c4 e6 4. Qb3 Nc6 5. c5 Qc8 6. Nc3 Nf6 7. Bf4 Be7 8. h3 0-0 9. e3 Ne4 10. Be2 Nxc3 11. Qxc3 b6 12. b4 bxc5 13. bxc5 Qb7 14. 0-0 Bf6 15. Bd3 Bxd3 16. Qxd3 Rfb8 17. Rab1 Qc8 18. Rxb8 Rxb8 19. Rb1 Rb7 20. Rb3 Na5 21. Rb5 Nc4 22. Qb3 Rxb5 23. Qxb5 c6 24. Qb4 h6 25. Nd2 Nxd2 26. Qxd2 Qb7 27. Qa5 Kf8 28. Qa4 Ke8 29. Qc2 Kd7 30. Qh7 Qc8 31. a4 Qf8 32. a5 a6 33. g4 Bg5 34. Qb1 Bxf4 35. exf4 Qc8 36. f5 Qc7 37. fxe6+ Kxe6 38. Qf5+ Ke7 39. f4 Kf8 40. Qe5 1/2-1/2

[Event "Pelaro op"]
[Site "Pelaro"]
[Date "2002.06.08"]
[Round "1"]
[White "Eriksson, Joel"]
[Black "Loenngren, Tobias"]
[Result "0-1"]
[WhiteElo "1972"]
[BlackElo "2122"]
[PlyCount "78"]
[EventDate "2002.06.08"]
[EventType "swiss"]
[EventRounds "5"]
[EventCountry "SWE"]
[SourceTitle "EXT 2003"]
[Source "ChessBase"]
[SourceDate "2002.11.25"]
[SourceVersion "1"]
[SourceVersionDate "2002.11.25"]
[SourceQuality "1"]

1. d4 d5 2. c4 c6 3. Nf3 Nf6 4. Nc3 dxc4 5. e4 b5 6. Qc2 a6 7. Be2 e6 8. Bg5 Qb6 9. 0-0 Bb7 10. Rfe1 Nbd7 11. Bf1 h6 12. Bh4 g5 13. Bg3 Nh5 14. Ne5 Nxe5 15. Bxe5 Bg7 16. Bxg7 Nxg7 17. Rad1 0-0-0 18. b3 Rxd4 19. bxc4 Kb8 20. cxb5 axb5 21. Rxd4 Qxd4 22. Rd1 Qf6 23. Qd2 e5 24. Ne2 Qe7 25. Nc1 Ne6 26. Qc3 f6 27. Nb3 Rd8 28. Rc1 Qa3 29. Qc2 Nd4 30. Nxd4 Rxd4 31. Rd1 Qd6 32. Rb1 Rd2 33. Qb3 Qd4 34. Qf3 Qd6 35. Qb3 Qd4 36. Qf3 Qd6 37. Qb3 Qc5 38. Qf3 Qc2 39. Bd3 Qxd3 0-1

[Event "Skelleftea Solett op"]
[Site "Skelleftea"]
[Date "2001.04.13"]
[Round "5"]
[White "Hermansson, Emil"]
[Black "Loenngren, Tobias"]
[Result "1/2-1/2"]
[WhiteElo "2400"]
[BlackElo "2063"]
[PlyCount "45"]
[EventDate "2001.04.10"]
[EventType "swiss"]
[EventRounds "9"]
[EventCountry "SWE"]
[SourceTitle "CBM 081 Extra"]
[Source "ChessBase"]
[SourceDate "2001.05.06"]
[SourceVersion "1"]
[SourceVersionDate "2001.05.06"]
[SourceQuality "1"]

1. e4 c6 2. d4 d5 3. Nd2 dxe4 4. Nxe4 Bf5 5. Ng3 Bg6 6. h4 h6 7. Nf3 Nd7 8. h5 Bh7 9. Bd3 Bxd3 10. Qxd3 e6 11. Bf4 Qa5+ 12. Bd2 Qc7 13. 0-0-0 0-0-0 14. Ne4 Ngf6 15. g3 Nc5 16. Nxc5 Bxc5 17. c4 Rhe8 18. Bc3 Bf8 19. Qe2 c5 20. dxc5 Bxc5 21. Ne5 Rxd1+ 22. Rxd1 Rd8 23. Rxd8+ 1/2-1/2

[Event "Skelleftea Solett op"]
[Site "Skelleftea"]
[Date "2001.04.13"]
[Round "6"]
[White "Loenngren, Tobias"]
[Black "Krylov, Stanislav Ivanovich"]
[Result "1/2-1/2"]
[WhiteElo "2063"]
[BlackElo "2295"]
[PlyCount "62"]
[EventDate "2001.04.10"]
[EventType "swiss"]
[EventRounds "9"]
[EventCountry "SWE"]
[SourceTitle "CBM 081 Extra"]
[Source "ChessBase"]
[SourceDate "2001.05.06"]
[SourceVersion "1"]
[SourceVersionDate "2001.05.06"]
[SourceQuality "1"]

1. Nf3 c5 2. c4 Nc6 3. d4 cxd4 4. Nxd4 g6 5. e4 Bg7 6. Be3 Nf6 7. Nc3 0-0 8. Be2 d6 9. 0-0 Bd7 10. f3 Nxd4 11. Bxd4 Bc6 12. Qd2 a5 13. b3 Nd7 14. Be3 Nc5 15. Rab1 Qb6 16. Rfc1 Rfc8 17. Rc2 Qd8 18. Bf1 Qf8 19. Nd5 Qd8 20. Bg5 Bxd5 21. exd5 Qb6 22. Kh1 Re8 23. Re1 Qc7 24. Qf2 Bf6 25. Be3 b6 26. Rb1 Reb8 27. g3 Qd7 28. Kg2 h5 29. h4 Qf5 30. Qd2 Be5 31. Be2 Qd7 1/2-1/2

[Event "Skelleftea Solett op"]
[Site "Skelleftea"]
[Date "2001.04.10"]
[Round "1"]
[White "Kiik, Kalle"]
[Black "Loenngren, Tobias"]
[Result "1-0"]
[WhiteElo "2451"]
[BlackElo "2063"]
[PlyCount "71"]
[EventDate "2001.04.10"]
[EventType "swiss"]
[EventRounds "9"]
[EventCountry "SWE"]
[SourceTitle "CBM 081 Extra"]
[Source "ChessBase"]
[SourceDate "2001.05.06"]
[SourceVersion "1"]
[SourceVersionDate "2001.05.06"]
[SourceQuality "1"]

1. Nf3 Nf6 2. e3 d5 3. b3 c6 4. Bb2 Bf5 5. Be2 e6 6. d3 h6 7. 0-0 Bd6 8. Nbd2 Qe7 9. Re1 Ba3 10. Qc1 Bxb2 11. Qxb2 0-0 12. Bf1 Nbd7 13. e4 Bh7 14. b4 Qd8 15. a4 Qc7 16. e5 Ne8 17. c4 a5 18. cxd5 cxd5 19. bxa5 Rxa5 20. Nb3 Ra8 21. Nbd4 Nc5 22. Rec1 Qa5 23. Nb3 Nxb3 24. Qxb3 Ra7 25. Qc2 Qb4 26. Rcb1 Qe7 27. Rb6 Nc7 28. Qb3 Na8 29. Rb4 Rc8 30. Nd4 b6 31. Nb5 Ra6 32. Nd6 Rc6 33. d4 Ra7 34. a5 Rxd6 35. exd6 Qxd6 36. Rc1 1-0

[Event "Nordic-chT"]
[Site "Norway"]
[Date "2001.??.??"]
[Round "?"]
[White "Loenngren, Tobias"]
[Black "Borchgrevink, Harald"]
[Result "0-1"]
[WhiteElo "2062"]
[BlackElo "2161"]
[PlyCount "70"]
[EventDate "2001.??.??"]
[EventType "team"]
[EventRounds "5"]
[EventCountry "NOR"]
[SourceTitle "EXT 2005"]
[Source "ChessBase"]
[SourceDate "2004.11.15"]
[SourceVersion "1"]
[SourceVersionDate "2004.11.15"]
[SourceQuality "1"]

1. Nf3 e6 2. c4 d5 3. d4 c6 4. Nbd2 Nf6 5. g3 Be7 6. Bg2 0-0 7. 0-0 a6 8. Qc2 b5 9. c5 Nbd7 10. e4 dxe4 11. Nxe4 Nxe4 12. Qxe4 Nf6 13. Qxc6 Ra7 14. Bg5 Nd5 15. Bxe7 Qxe7 16. Ne5 f6 17. Nd3 Bb7 18. Qd6 Qxd6 19. cxd6 Rd8 20. d7 Rxd7 21. Nc5 Rd6 22. Rfe1 Kf7 23. Re2 Ba8 24. Rae1 Re7 25. Bh3 Nc7 26. f4 Re8 27. Nb3 g6 28. Rc1 Re7 29. Rce1 Bd5 30. f5 gxf5 31. Bxf5 Bc4 32. Bxh7 Bxe2 33. Rxe2 f5 34. h4 Kf6 35. Bg8 Rg7 0-1

[Event "Nordic-chT U20"]
[Site "Espoo"]
[Date "2000.??.??"]
[Round "3"]
[White "Kryger, Oksana"]
[Black "Loenngren, Tobias"]
[Result "0-1"]
[WhiteElo "2081"]
[BlackElo "2009"]
[PlyCount "68"]
[EventDate "2000.??.??"]
[EventType "team"]
[EventRounds "6"]
[EventCountry "FIN"]
[SourceTitle "EXT 2001"]
[Source "ChessBase"]
[SourceDate "2000.11.22"]
[SourceVersion "1"]
[SourceVersionDate "2000.11.22"]
[SourceQuality "1"]

1. c4 d6 2. Nc3 g6 3. g3 Bg7 4. Bg2 e5 5. e3 f5 6. d3 Nf6 7. Nge2 0-0 8. 0-0 Kh8 9. Nd5 c6 10. Nxf6 Qxf6 11. Rb1 a5 12. a3 Be6 13. Qc2 Qf7 14. Bd2 e4 15. Rfc1 exd3 16. Qxd3 Nd7 17. Qc2 Ne5 18. b3 a4 19. Nf4 axb3 20. Qxb3 b5 21. Nxe6 bxc4 22. Ng5 cxb3 23. Nxf7+ Rxf7 24. Rxb3 d5 25. Bb4 Rb8 26. f4 Nc4 27. Rc2 h6 28. Bf1 c5 29. Bg2 cxb4 30. Bxd5 Nxa3 31. Rc6 Rf6 32. Rc7 Rfb6 33. h3 Nb5 34. Rd7 Nc3 0-1

[Event "Hallsberg op 9900 35th"]
[Site "Hallsberg"]
[Date "2000.??.??"]
[Round "3"]
[White "Landgren, Philip"]
[Black "Loenngren, Tobias"]
[Result "1-0"]
[WhiteElo "2136"]
[BlackElo "2009"]
[PlyCount "79"]
[EventDate "1999.??.??"]
[EventType "swiss"]
[EventRounds "9"]
[EventCountry "SWE"]
[SourceTitle "EXT 2001"]
[Source "ChessBase"]
[SourceDate "2000.11.22"]
[SourceVersion "1"]
[SourceVersionDate "2000.11.22"]
[SourceQuality "1"]

1. d4 g6 2. Nf3 Bg7 3. g3 d6 4. Bg2 Nd7 5. c4 e5 6. Nc3 Ne7 7. 0-0 0-0 8. e4 exd4 9. Nxd4 Nc6 10. Nde2 Nde5 11. b3 f5 12. f4 Ng4 13. h3 Nh6 14. Be3 fxe4 15. g4 Bxg4 16. hxg4 Nxg4 17. Bf2 Nxf2 18. Rxf2 Qh4 19. Qd5+ Kh8 20. Qg5 Bf6 21. Qxh4 Bxh4 22. Rff1 Bf6 23. Rad1 Ne7 24. Nxe4 Nf5 25. Nxf6 Rxf6 26. Rd3 Re8 27. Nd4 Nxd4 28. Rxd4 b6 29. Re4 Ref8 30. Re7 R8f7 31. Rxf7 Rxf7 32. Re1 a6 33. Bd5 Rxf4 34. Re8+ Kg7 35. Re7+ Kf6 36. Rxh7 Rd4 37. Rxc7 Rd1+ 38. Kf2 Rd2+ 39. Ke3 Rxa2 40. Rc6 1-0